01445nam a22001817a 4500008004100000020001800041050001800059100002400077245007000101260003300171300003400204500005200238505070300290942001200993999001601005952012401021952011801145140714b xxu||||| |||| 00| 0 eng d a9781465382962 aAf/JV8790.D87 aDugbazah, Justina.  aGender, livelihoods and migration in africa. /cJustina Dugbazah. bXlibris Corporation, c2012. a327p. :bill., maps ;c19 cm. aIncludes bibliographical references and index.  aContents: Examining the gender, livelihoods, and migration linkage in africa -- Gender framework for analysing livelihood and migration -- Historical perspectives on gender relations and factors that impact african women -- Exploring the livelihood discourse in africa -- Conceptualising global patterns and theories of migration -- Historical patterns of migration in sub-saharan africa -- History and profile of the volta region and the abutia villages -- Political and social organisation in the study communities -- Characteristics of migrant household and migrants -- Impact of migration on rural livelihoods -- Impact of migration in the public and private spheres -- Summary and conclusion.  2lcccBK c3134d10634 00102lcc4070aWIUC-1bWIUC-1cREFd2014-07-14l0oAf/JV8790.D87p7687/114/14r2014-07-14 00:00:00t1w2014-07-14yBK 00102lcc4070aWIUC-1bWIUC-1cLLd2014-09-12l0oAf/JV8790.D87p316/13r2014-09-12 00:00:00t1w2014-09-12yBK